000 00493cam a22001217a 4500
008 180718b1998 xxu||||| |||| 00| 0 eng d
082 _aZ47x54 RG/1993-94
245 _aRural labour enquiry: Report on General Characteristics of Rural Labour Households (50th round of N.S.S.), 1993-94
_cby Ministry of Labour. Labour Bureau, India
260 _aDelhi
_bThe Controller of Publications
_c1998
300 _a89p.
650 _aFarm labour - India
700 _aIndia. Ministry of Labour. Labour Bureau
999 _c489267
_d489267